Normal view
MARC view
Entry Geographic Name
001 - CONTROL NUMBER
- control field: 9506
003 - CONTROL NUMBER IDENTIFIER
- control field: OSt
005 - DATE AND TIME OF LATEST TRANSACTION
- control field: 20260622140551.0
008 - FIXED-LENGTH DATA ELEMENTS
- fixed length control field: 260622|| aca||aabn | a|a d
040 ## - CATALOGING SOURCE
- Original cataloging agency: OSt
- Transcribing agency: OSt
151 ## - HEADING--GEOGRAPHIC NAME
- Geographic name: Levant
- Geographic subdivision: Syria
670 ## - SOURCE DATA FOUND
- Source citation: Work cat.: (OSt)6649: ابتسامة النائم: مختارات شعرية/ , 2010